| 000 | 00779nam a2200265Ia 4500 | ||
|---|---|---|---|
| 003 | OSt | ||
| 005 | 20220927110826.0 | ||
| 006 | a|||||r|||| 00| 0 | ||
| 007 | ta | ||
| 008 | 220926b |||||||| |||| 00| 0 eng d | ||
| 024 | _a130747 | ||
| 037 | _cReports | ||
| 040 |
_aRTL _cRTL _beng |
||
| 041 |
_2eng _aeng |
||
| 082 | _a"T4.8.N75t, L5/GD" | ||
| 110 |
_aAustralian National University _9380423 |
||
| 245 | 0 | _aReport | |
| 260 |
_aCanberra _bGovt Press _c1975 |
||
| 300 |
_a135p _ccm. |
||
| 490 | _aParliament of the Commonwealth of Australia Parliamentarry Paper 240 | ||
| 650 | _aUniversity Education | ||
| 700 |
_aAustralian National University _9380424 |
||
| 942 |
_h"T4.8.N75t, L5/GD" _cCC |
||
| 999 |
_c698051 _d698051 |
||